000 00380nam a2200133 a 4500
001 000041208
005 20201002034716.0
008 130925s1987 dr a 000 0 spa d
040 _aDO-SdBNP
_bspa
_cBNPHU
082 _axxxx
_cxxxx
245 0 0 _aPresente polĂ­tico en Rep. Dominicana.
260 _aSanto Domingo, :
_bEdiciones bloque socialista,
_c1987.
300 _a81 p. ;
_c18 cm.
999 _c40698
_d40698